[Event "St Louis Summer A"]
[Site "Saint Louis USA"]
[Date "2018.05.23"]
[Round "9.3"]
[White "Jumabayev, Rinat"]
[Black "Indjic, Aleksandar"]
[Result "0-1"]
[WhiteTitle "GM"]
[BlackTitle "GM"]
[WhiteElo "2621"]
[BlackElo "2600"]
[WhiteFideId "13702661"]
[BlackFideId "911925"]
[EventDate "2018.05.15"]

1. Nf3 c5 2. c4 Nc6 3. d4 cxd4 4. Nxd4 Nf6 5. Nc3 e6 6. a3 d5 7. cxd5 exd5 8. e3
Bd6 9. Bb5 Bd7 10. Nf3 Be6 11. b3 O-O 12. Bb2 a6 13. Be2 Rc8 14. O-O Bb8 15. Rc1
Qd6 16. Na4 Ne4 17. b4 Bg4 18. g3 Bh3 19. Re1 Ba7 20. Nc3 Qh6 21. Nxe4 dxe4 22.
Nd2 Rcd8 23. Rc2 f5 24. Qc1 f4 25. exf4 e3 26. Bc4+ Kh8 27. Rxe3 Bxe3 28. fxe3
Rd7 29. Be2 Qe6 30. Nf3 h6 31. Kf2 Bf5 32. Rc5 Be4 33. Ne5 Nxe5 34. Rxe5 Qh3 35.
Qg1 Rd2 36. Bc1 Rxe2+ 37. Kxe2 Qg4+ 38. Kd2 Rd8+ 39. Kc3 Qe2 0-1

[Event "St Louis Summer A"]
[Site "Saint Louis USA"]
[Date "2018.05.23"]
[Round "9.4"]
[White "Durarbayli, Vasif"]
[Black "Sevian, Samuel"]
[Result "1/2-1/2"]
[WhiteTitle "GM"]
[BlackTitle "GM"]
[WhiteElo "2618"]
[BlackElo "2613"]
[WhiteFideId "13402935"]
[BlackFideId "2040506"]
[EventDate "2018.05.15"]

1. e4 e5 2. Nf3 Nc6 3. Bb5 Nf6 4. d3 d6 5. O-O g6 6. c4 Bg7 7. Nc3 O-O 8. Be3
Ng4 9. Bg5 f6 10. Bd2 f5 11. Bg5 Nf6 12. Nd5 fxe4 13. dxe4 Bg4 14. c5 Bxf3 15.
Qxf3 Nd4 16. Qd3 c6 17. Nxf6+ Bxf6 18. Bc4+ Kg7 19. Bxf6+ Qxf6 20. cxd6 Qxd6 21.
Rad1 Rad8 22. a3 g5 23. Qe3 Qg6 24. f3 Rf4 25. Rd2 h5 26. Rdf2 Rdf8 27. b4 Qh6
28. a4 Qd6 29. b5 Qc5 30. Bd3 Kh7 31. bxc6 bxc6 32. Kh1 Qe7 33. g3 R4f7 34. f4
gxf4 35. gxf4 Qh4 36. Qg3 Qxg3 37. hxg3 Rg7 38. Rg2 h4 39. gxh4 Rxg2 40. Kxg2
exf4 41. Kh3 Kh6 42. e5 f3 43. Rg1 f2 44. Rg6+ Kh5 45. Rf6 Rxf6 46. exf6 f1=Q+
47. Bxf1 Kg6 48. Kg4 Kxf6 49. Bc4 Nf5 50. Ba6 Nd4 51. Kh5 Ne6 52. Bc4 Ng7+ 53.
Kg4 Nf5 54. Bd3 Nd6 55. Kh5 Kg7 56. Kg5 Nb7 57. h5 Nc5 58. Bc2 a5 59. h6+ Kh8
60. Kf6 Nd7+ 61. Kf7 Nc5 62. Kg6 Kg8 63. Kf6 Kh8 64. Kg6 Kg8 65. Kf5 Kh7 66.
Kg5+ Kg8 67. Kg6 Kh8 68. h7 Nxa4 69. Bxa4 c5 70. Bb3 c4 71. Bxc4 a4 72. Bd5 a3
73. Ba2 1/2-1/2

[Event "St Louis Summer A"]
[Site "Saint Louis USA"]
[Date "2018.05.23"]
[Round "9.5"]
[White "Prohaszka, Peter2"]
[Black "Zherebukh, Yaroslav"]
[Result "1-0"]
[WhiteTitle "GM"]
[BlackTitle "GM"]
[WhiteElo "2613"]
[BlackElo "2633"]
[WhiteFideId "726265"]
[BlackFideId "14116804"]
[EventDate "2018.05.15"]

1. d4 Nf6 2. c4 g6 3. Nc3 Bg7 4. e4 d6 5. Be2 O-O 6. Nf3 e5 7. O-O Na6 8. Be3
Ng4 9. Bg5 f6 10. Bc1 f5 11. exf5 exd4 12. Bg5 Qe8 13. Nxd4 gxf5 14. h3 Nf6 15.
Re1 Qg6 16. Bf4 Nc5 17. Bf3 Bd7 18. Ndb5 Rfc8 19. Re7 Bf8 20. Re3 Kh8 21. Nd5
Ne6 22. Rxe6 Bxe6 23. Ndxc7 Bxc4 24. Bxb7 Rxc7 25. Nxc7 Rb8 26. Bf3 Rxb2 27. Qd4
Rxa2 28. Rb1 Bg8 29. Bd5 Rc2 30. Rb8 Bg7 31. Bxg8 Nxg8 32. Qd5 Bf6 33. Ne8 Rb2
34. Ra8 1-0